| 000 | 00525nam a2200205Ia 4500 | ||
|---|---|---|---|
| 003 | GCL | ||
| 008 | 140319s9999 xx 000 0 eng d | ||
| 040 |
_aGCL / _cGCL |
||
| 082 | 0 | 4 |
_a005.13 _bS W |
| 100 | 1 | _aSLOW, JOHAN | |
| 245 | 1 | 0 |
_aWORD 6 POUR WINDOWS LES NOUVEAULES / _cSLOW, JOHAN |
| 260 |
_a[S.N] : _bMARABOUT UNIVERSITE ، _c1994 |
||
| 300 | _a340 P | ||
| 490 |
_aMARABOUT _v0 |
||
| 650 | 0 | 4 | _aCOMPUTER LANGUAGE |
| 650 | 0 | 4 | _aWINDOWS |
| 650 | 0 | 4 | _aWORD 6 |
| 650 | 0 | 4 | _aCOMPUTER - PROGRAMMING |
| 942 |
_2ddc _cBK |
||
| 999 |
_c22485 _d22485 |
||